000 01031nac a22003257a 4500
001 BR8405125
003 BR-BrBNA
005 20240105120211.0
008 230509b bl.|||m| |||| 00| 0 por d
040 _aBR-BrBNA
_bpor
_cBiblioteca Nacional de Agricultura
072 _aE71
090 _aE71 BR8405125
110 1 _aMinisterio das Relacoes Exteriores, Brasilia, DF (Brasil). Depto. Economico
_97088
245 1 _aResenha [Ministerio das Relacoes Exteriores, politica comercial, comercio exterior, economia]
260 3 _aBrasilia, DF (Brasil):
_c1984.
300 _a44 p.
490 _aResenha Mensal - Ministerio das Relacoes Exteriores. Depto. Economico (Brazil)
_vno. 71
_x
500 _a18 tables
650 _aPOLITICA COMERCIAL
650 _aENERGIA
650 _aPRODUCAO
650 _aCOMERCIO EXTERIOR
650 _aECONOMIA
650 _aPRODUCAO VEGETAL
650 _aPRECO
650 _aCARNE
650 _aPRODUCAO
909 _a202312
_bLúcia Elande
_c55
_dLúcia Elande
942 _2AGRIS
_n0
_cMS
999 _c278312
_d278312